Normal view
MARC view
Entry Topical Term
001 - CONTROL NUMBER
- control field: 52886
003 - CONTROL NUMBER IDENTIFIER
- control field: ARRUPE
005 - DATE AND TIME OF LATEST TRANSACTION
- control field: 20250403092440.0
008 - FIXED-LENGTH DATA ELEMENTS
- fixed length control field: 250403|| aca||aabn | a|a d
040 ## - CATALOGING SOURCE
- Original cataloging agency: ARRUPE
- Transcribing agency: ARRUPE
150 ## - HEADING--TOPICAL TERM
- Topical term or geographic name as entry element: Alzheimer's disease
- General subdivision: Prevention
- Form subdivision: Popular works
670 ## - SOURCE DATA FOUND
- Source citation: Work cat.: (ARRUPE)131957: Moon, Maggie, author. 52885, The mind diet :, 2016